[Event "New Delhi Parsvnath op 9th"]
[Site "New Delhi"]
[Date "2011.01.08"]
[Round "2"]
[White "Chandan, Mandal"]
[Black "Deshpande, Aniruddha"]
[Result "1/2-1/2"]
[WhiteElo "1895"]
[BlackElo "2216"]
[PlyCount "82"]
[EventDate "2011.01.08"]
[EventType "swiss"]
[EventRounds "11"]
[EventCountry "IND"]
[SourceTitle "CBM 140 Extra"]
[Source "ChessBase"]
[SourceDate "2011.03.01"]
[SourceVersion "1"]
[SourceVersionDate "2011.03.01"]
[SourceQuality "1"]

1. e4 c5 2. Nf3 Nc6 3. d4 cxd4 4. Nxd4 g6 5. c4 Nf6 6. Nc3 d6 7. Be2 Bg7 8. Be3 0-0 9. Qd2 Ng4 10. Bxg4 Bxg4 11. 0-0 Rc8 12. f3 Bd7 13. b3 Qa5 14. Rfd1 Rfd8 15. Nd5 Qxd2 16. Rxd2 Kf8 17. Rad1 Be6 18. Nf4 Nxd4 19. Bxd4 Bh6 20. Be3 Bxf4 21. Bxf4 f6 22. Be3 b6 23. Kf2 Rc6 24. Bd4 a6 25. h3 b5 26. cxb5 axb5 27. Re1 Ra8 28. Ree2 Rac8 29. Ke3 b4 30. Kd3 Bd7 31. Re1 e5 32. Be3 f5 33. Ke2 f4 34. Bf2 Rc2 35. Red1 Bb5+ 36. Ke1 R8c6 37. h4 Ke7 38. Rxc2 Rxc2 39. Rd2 Rc1+ 40. Rd1 Rc2 41. Rd2 Rc1+ 1/2-1/2

[Event "IND-chT"]
[Site "Gurgaon"]
[Date "2010.02.22"]
[Round "2"]
[White "Chandan, Mandal"]
[Black "Jagadish, Hd"]
[Result "0-1"]
[WhiteElo "1945"]
[BlackElo "2131"]
[PlyCount "68"]
[EventDate "2010.02.21"]
[EventType "team"]
[EventRounds "9"]
[EventCountry "IND"]
[SourceTitle "CBM 135 Extra"]
[Source "ChessBase"]
[SourceDate "2010.05.04"]
[SourceVersion "1"]
[SourceVersionDate "2010.05.04"]
[SourceQuality "1"]

1. e4 c5 2. Nf3 Nc6 3. d4 cxd4 4. Nxd4 Nf6 5. Nc3 e5 6. Nf3 Bb4 7. Bd3 d5 8. Nd2 0-0 9. 0-0 Bxc3 10. bxc3 Bg4 11. Qe1 Rc8 12. f3 Be6 13. Nb3 Qc7 14. Bd2 Ne7 15. Kh1 Nd7 16. Qh4 Ng6 17. Qf2 Nb6 18. Rad1 Rfd8 19. Nc1 a6 20. Be3 Na4 21. Rde1 Qxc3 22. exd5 Bxd5 23. Nb3 Bxb3 24. axb3 Nc5 25. Bf5 Ne6 26. g3 Rc6 27. Rd1 Rcd6 28. Bd3 Nd4 29. Rc1 Nf8 30. Rb1 Nfe6 31. Bd2 Qc7 32. Bb4 R6d7 33. Kg2 Nc5 34. Be4 Nxe4 0-1